书目信息 |
| 题名: |
锅(窑)炉运行管理及测试技术实用手册
|
|
| 作者: | 何兆德 编著 | |
| 分册: | ||
| 出版信息: | 北京 中国环境科学出版社 1993.09 |
|
| 页数: | 344页 | |
| 开本: | 16开 | |
| 丛书名: | ||
| 单 册: | ||
| 中图分类: | X830.1 | |
| 科图分类: | ||
| 主题词: | 环境监测 | |
| 电子资源: | ||
| ISBN: | 7-80093-448-9 | |
| 000 | 00613nam0 2200193 45 | |
| 001 | 0006191542 | |
| 005 | 20001130164318.4 | |
| 010 | @a7-80093-448-9@d18.50元 | |
| 100 | @a20000619d1993 km y0chiy0120 ea | |
| 101 | 0 | @achi |
| 105 | @a z 000yy | |
| 200 | 1 | @a锅(窑)炉运行管理及测试技术实用手册@AGuo(Yao)Lu YunXing Guan Li Ji Ce Shi Ji Shu Shi Yong Shou Ce@f何兆德等编著@FHe Zhao De Deng Bian Zhu |
| 210 | @a北京@c中国环境科学出版社@d1993.09 | |
| 215 | @a344页@d16开 | |
| 606 | 0 | @a环境监测 |
| 690 | @aX830.1@v3 | |
| 701 | 0 | @a何兆德@4编著 |
| 801 | @aCN@bPftUser@c20000619 | |
| 905 | @dX830.1@eH155@b508720-724@f5 | |
| 锅(窑)炉运行管理及测试技术实用手册/何兆德等编著.-北京:中国环境科学出版社,1993.09 |
| 344页;16开 |
| ISBN 7-80093-448-9:18.50元 |
| ● |
| 相关链接 |
|
|
|
正题名:锅(窑)炉运行管理及测试技术实用手册
索取号:X830.1/H155
 
预约/预借
| 序号 | 登录号 | 条形码 | 馆藏地/架位号 | 状态 | 备注 |
| 1 | 508720 | 205087207 | 自科库501/501自科库 115排2列5层/ [索取号:X830.1/H155] | 在馆 | |
| 2 | 508721 | 205087216 | 期刊室512/501自科库 115排2列5层/ [索取号:X830.1/H155] | 在馆 | |
| 3 | 508722 | 205087225 | 期刊室512/501自科库 115排2列5层/ [索取号:X830.1/H155] | 在馆 | |
| 4 | 508723 | 205087234 | 期刊室512/501自科库 115排2列5层/ [索取号:X830.1/H155] | 在馆 | |
| 5 | 508724 | 205087243 | 期刊室512/501自科库 115排2列5层/ [索取号:X830.1/H155] | 在馆 |